Mesopotamian magic : textual, historical and interpretative perspectives

Αποθηκεύτηκε σε:
Λεπτομέρειες βιβλιογραφικής εγγραφής
Άλλοι συγγραφείς: Abusch, I. Tzvi (Επιμελητής έκδοσης), Toorn, K. van der (Επιμελητής έκδοσης)
Μορφή: Βιβλίο
Γλώσσα:English
Δημοσίευση: Groningen : Styx, 1999
Σειρά:Ancient magic and divination ; ; 1
Θέματα:
Ετικέτες: Προσθήκη ετικέτας
Δεν υπάρχουν, Καταχωρήστε ετικέτα πρώτοι!

MARC

LEADER 00000nam a2200000 i 4500
001 1/71802
008 080122s1999 eng d
020 |a 90-5693-033-8 
035 |l 10093994 
040 |a GR-MY-UA  |b gre  |e aacr 
041 0 |a eng 
082 0 |a 133.430935  |2 (22) 
245 1 0 |a Mesopotamian magic :  |b textual, historical and interpretative perspectives /  |c editors Tzvi Abusch, Karel van der Toorn 
260 |a Groningen :   |b Styx,   |c 1999 
300 |a xvii, 299 σ.;  |c 25 εκ. 
490 1 |a Ancient magic and divination  |v ; 1 
504 |a Περιλαμβάνει βιβλιογραφίες και ευρετήριο 
650 0 0 |a Magic, Assyro-Babylonian. 
650 0 0 |a Civilization, Assyro-Babylonian. 
651 0 |a Iraq  |x Antiquities. 
700 1 |a Abusch, I. Tzvi.  |4 edt 
700 1 |a Toorn, K. van der.  |4 edt 
830 0 |a Ancient magic and divination ;  |v ; 1 
852 |a INST  |b RHODES  |e 20080122  |h 133.430935 MES  |p 005400030334  |q 005400030334  |t BK  |y 0 
901 |a BIBL4-2008-1 
909 |a Ρ  |b 143329 
922 |a 4ΕΛΗ  |b 200712  |c ΕΠΕΑΕΚ2/ΤΜΣ  |d ΠΑΠΑΣΩΤΗΡΙΟΥ 
970 |a ΚΟΖΑ  |b ΜΑΡΙΑ  |z 2008/01/22